header

Atlas of British social and economic history since c. 1700 (Record no. 46527)

MARC details
000 -LEADER
fixed length control field 01498nam a2200385Ia 4500
082 04 - DEWEY DECIMAL CLASSIFICATION NUMBER
Classification number 330.941
245 00 - TITLE STATEMENT
Title Atlas of British social and economic history since c. 1700
250 ## - EDITION STATEMENT
Edition statement 1st American ed.
260 ## - PUBLICATION, DISTRIBUTION, ETC. (IMPRINT)
Place of publication New York, NY :
Name of publisher Macmillan,
Year of publication 1989.
300 ## - PHYSICAL DESCRIPTION
Number of Pages xiii, 250 p. :
Other physical details ill., maps.
650 #0 - SUBJECT ADDED ENTRY--TOPICAL TERM
Topical Term Industries
Topical Term Industries
700 1# - ADDED ENTRY--PERSONAL NAME
Personal name Pope, Rex.
856 40 - ELECTRONIC LOCATION AND ACCESS
Uniform Resource Identifier http://site.ebrary.com/lib/rucke/Doc?id=10060870

No items available.

© 2026 Rongo University
Contact us: librarian | system librarian | Rongo university